01337nam a22003377a 4500003000500000005001700005008004100022010001000063011001000073035001000083040000900093090001000102100004400112245007900156260004000235300001900275502007700294590003700371590004100408590004100449590004100490590004200531650002200573901000700595942000900602949004300611949005500654999001700709952014500726952012800871CHAP20220329141036.0971013s1996 r 00010 d a61735 a62707 a66882 cCHAP aTesis00aFernández Alcántara, Ismael.940113 aColecta y caracterización de Tigridia (Tigridia pavonia (L.F.) Ker-Gawl) aChapingo, Méx. :bEl autor,c1996 a91 h.b: ilus. aTesis (Ing. Agr. Esp. en Fitotecnia) -- UACH. Departamento de Fitotecnia aALEPHb10c20130110lUCH01h1344 aBATCH-UPDb10c20130110lUCH01h0743 aBATCH-UPDb10c20130410lUCH01h0424 aBATCH-UPDb10c20130914lUCH01h1355 aCONVERSIONb10c20130109lUCH01h133314aTigridia.9113279 aBK cFOLL bBCcTESd-152123eTS1h30668i66882si bBCcTESd33724000641791eTS2fc.2h30669i66882si c61735d61735 00102local4053708TESISaBCbBCcPA_TESISd2019-12-31fTESISl1p33724000641791r2023-03-16 00:00:00s2023-03-15tc.2w2019-12-31yTESIS 00102local4051708TESISaBCbBCcPA_TESISd2019-12-31fTESISl0oTesisp-152123r2019-12-31 00:00:00w2019-12-31yTESIS